000 00515nam a2200181Ia 4500
005 20250508152338.0
008 008 250505s9999 xx 000 0 eng d
037 _aBooks to be hide in OPAC
040 _aFEDL
_beng
_cFEDL
041 _aeng
_2eng
084 _a709.53, YAS/O
_qFEDL
100 _aYashiro Yukio Ed.
_9761249
245 0 _a2000 Years of Japanese art
260 _aLondon, UK
_bThames and Hudson
_c1958
300 _a268p.
942 _cHB
_h709.53, YAS/O
999 _c1335831
_d1335831